| 000 | 00363nam a2200145Ia 4500 | ||
|---|---|---|---|
| 003 | 0100 | ||
| 008 | 130307s9999 xx 000 0 und d | ||
| 040 | _cARRUPELIB | ||
| 050 | _aJQ2909.5.H9 | ||
| 100 | _aKaunda, Kenneth David | ||
| 245 | _aHumanism in Zambia and a guide to its implementation | ||
| 260 | _aLusaka | ||
| 260 | _bGovernment Printers | ||
| 942 | 0 | 0 | _03 |
| 999 |
_c92520 _d92520 |
||